[Event "MP 2011-2012"]
[Site "?"]
[Date "2011.12.13"]
[Round "5.6"]
[White "Hettenberger, Mirek"]
[Black "Kolar, Lubos"]
[Result "1-0"]
[WhiteElo "1835"]
[BlackElo "1617"]
[PlyCount "105"]
[EventDate "2011.11.21"]
[WhiteTeam "Slovan "A""]
[BlackTeam "Sokol Polanka"]

1. c4 e6 2. Nc3 g6 3. Nf3 Nc6 4. d4 b6 5. e4 d6 6. Qa4 Bd7 7. Qd1 Bg7 8. Be3
Nf6 9. a3 O-O 10. Be2 Ng4 11. Bg5 f6 12. Bh4 e5 13. h3 exd4 14. Nxd4 Nxd4 15.
Qxd4 Ne5 16. O-O Qe8 17. f4 Nc6 18. Qd3 f5 19. Bf3 fxe4 20. Bxe4 Bf5 21. Qd5+
Be6 22. Qxc6 Qxc6 23. Bxc6 Rac8 24. Bd5 Bxd5 25. Nxd5 Kh8 26. Rab1 Rf7 27. b3
Bd4+ 28. Bf2 Bg7 29. g3 c6 30. Nb4 a5 31. Nc2 c5 32. Rbd1 Rd8 33. Rfe1 Rb7 34.
Re6 Bf8 35. b4 Rbd7 36. b5 Kg7 37. Rd5 Kf7 38. Re4 a4 39. Kg2 Bg7 40. g4 Bf6
41. h4 Rg8 42. Kf3 h6 43. Bg3 Be7 44. Ne3 Bf6 45. f5 Be7 46. fxg6+ Rxg6 47. Nf5
Rf6 48. Bf4 Bf8 49. g5 hxg5 50. hxg5 Rg6 51. Nh4 Re6 52. g6+ Kg8 53. Rxe6 1-0

[Event "MS 2011-2012"]
[Site "?"]
[Date "2012.01.10"]
[Round "6.1"]
[White "Gavroò, Ladislav"]
[Black "Kamaryt, Zdenìk"]
[Result "1-0"]
[WhiteElo "1749"]
[BlackElo "1717"]
[PlyCount "89"]
[EventDate "2011.11.21"]
[SourceDate "2012.01.11"]
[WhiteTeam "Slovan "B""]
[BlackTeam "Mar.Hory "D""]

1. e4 e5 2. d4 exd4 3. c3 dxc3 4. Bc4 Nc6 5. Nf3 d6 6. Qb3 Qe7 7. Nxc3 h6 8.
O-O Nf6 9. Bd2 Ne5 10. Nxe5 dxe5 11. Nd5 Nxd5 12. exd5 f6 13. a3 Qd6 14. Rad1
Qb6 15. Qd3 f5 16. Bc3 Qf6 17. Bxe5 Qxe5 18. Rfe1 Qxe1+ 19. Rxe1+ Kd8 20. Qg3
Bd7 21. Bd3 g5 22. Qe5 Rh7 23. Qf6+ Be7 24. Qg6 Rh8 25. Bxf5 Bxf5 26. Qxf5 Rf8
27. Qe5 Bc5 28. Rc1 Bxf2+ 29. Kh1 Bb6 30. d6 Re8 31. dxc7+ Kd7 32. Rd1+ Kc6 33.
Qd6+ Kb5 34. Qb4+ Kc6 35. Qd6+ Kb5 36. Qd5+ Bc5 37. Qxb7+ Bb6 38. Rd5+ Ka4 39.
Qc6+ Kb3 40. Qc3+ Ka2 41. Rd1 Re3 42. Qc4+ Kxb2 43. c8=Q Rxc8 44. Qxc8 Kxa3 45.
Qf8+ 1-0

[Event "MS 2011-2012"]
[Site "?"]
[Date "2012.01.10"]
[Round "6.6"]
[White "Scharbert, Martin"]
[Black "Hettenberger, Mirek"]
[Result "0-1"]
[WhiteElo "1604"]
[BlackElo "1835"]
[PlyCount "64"]
[EventDate "2011.11.21"]
[SourceDate "2012.01.11"]
[WhiteTeam "Mar.Hory "D""]
[BlackTeam "Slovan "B""]

1. e4 c5 2. Bc4 d6 3. Nf3 Nf6 4. d3 e6 5. Nc3 a6 6. a3 Nc6 7. h3 Qc7 8. Be3 b5
9. Ba2 Bb7 10. g4 h6 11. Nd2 g5 12. h4 gxh4 13. Rxh4 Bg7 14. f4 O-O-O 15. Nf3
Qe7 16. Qe2 Nd7 17. Qh2 Nd4 18. Bxd4 cxd4 19. Ne2 e5 20. f5 Nb6 21. c3 d5 22.
cxd4 dxe4 23. Rc1+ Kb8 24. dxe4 Bxe4 25. Nxe5 Kb7 26. Nxf7 Bf3 27. Nxd8+ Rxd8
28. Qf2 Bxe2 29. f6 Bxf6 30. Rxh6 Bc4+ 31. Kd2 Rxd4+ 32. Kc2 Qe4+ 0-1

[Event "MS 2011-2012"]
[Site "?"]
[Date "2012.12.01"]
[Round "7.1"]
[White "Jamka, Bøetislav"]
[Black "Cyroò, Karel"]
[Result "1/2-1/2"]
[WhiteElo "1970"]
[BlackElo "1840"]
[PlyCount "73"]
[EventDate "2011.11.21"]
[SourceDate "2012.02.02"]
[WhiteTeam "Slovan "A""]
[BlackTeam "Dynamo DP "A""]

1. d4 c5 2. Nf3 cxd4 3. Nxd4 Nc6 4. e4 e6 5. Be2 Nf6 6. Nxc6 bxc6 7. Nd2 Qc7 8.
O-O d5 9. Bf3 Bd6 10. h3 O-O 11. Re1 Bb7 12. c4 Rad8 13. Qc2 Rfe8 14. b3 Be5
15. Bb2 d4 16. c5 d3 17. Qc1 Ba6 18. b4 Rd7 19. a4 Rb8 20. Bc3 Bd4 21. Nb3 Bxc3
22. Qxc3 Rbd8 23. Rad1 e5 24. Rd2 Qb7 25. Red1 Rb8 26. b5 cxb5 27. Qxe5 bxa4
28. c6 Qxb3 29. cxd7 Nxd7 30. Qd6 Qe6 31. Qc7 Rc8 32. Qxa7 Ne5 33. Be2 h6 34.
Bf1 Qg6 35. Bxd3 Nf3+ 36. Kh1 Nxd2 37. Bxa6 1/2-1/2

[Event "MS 2011-2012"]
[Site "?"]
[Date "2012.01.31"]
[Round "7.2"]
[White "Perík, Alois"]
[Black "Cízek, Ondrej"]
[Result "1/2-1/2"]
[WhiteElo "1825"]
[BlackElo "1853"]
[PlyCount "68"]
[EventDate "2011.11.21"]
[SourceDate "2012.02.02"]
[WhiteTeam "Dynamo DP "]
[BlackTeam "Slovan "]

1. c4 c5 2. Nc3 Nc6 3. g3 Nf6 4. Bg2 e6 5. e4 d6 6. Nge2 Bd7 7. O-O Be7 8. d4
e5 9. dxc5 dxc5 10. Nd5 O-O 11. Nec3 Nd4 12. h3 Nxd5 13. Nxd5 f5 14. f3 fxe4
15. fxe4 Rxf1+ 16. Qxf1 Bg5 17. Qf2 Bxc1 18. Rxc1 Qg5 19. Rf1 Qd8 20. Qf7+ Kh8
21. Kh2 Rb8 22. b3 Be6 23. Qh5 Qd6 24. h4 Kg8 25. Qg5 Bxd5 26. exd5 Rf8 27.
Rxf8+ Kxf8 28. Be4 g6 29. Qh6+ Kg8 30. h5 Qf6 31. Kg2 Nf5 32. Bxf5 Qxf5 33.
hxg6 Qe4+ 34. Kf2 hxg6 1/2-1/2

[Event "MS 2011-2012"]
[Site "?"]
[Date "2012.01.31"]
[Round "7.3"]
[White "Salek, Josef"]
[Black "Pavlas, Jaroslav"]
[Result "0-1"]
[WhiteElo "1794"]
[BlackElo "1823"]
[PlyCount "76"]
[EventDate "2011.11.21"]
[SourceDate "2012.02.02"]
[WhiteTeam "Slovan "A""]
[BlackTeam "Dynamo DP "A""]

1. d4 d5 2. Nf3 Bf5 3. e3 e6 4. Be2 c5 5. O-O Nc6 6. a3 Nf6 7. dxc5 Bxc5 8. b4
Bd6 9. Bb2 Qc7 10. Nc3 a6 11. Rc1 O-O 12. g3 b5 13. Kg2 h6 14. Bd3 Bg4 15. h3
Bh5 16. g4 Bg6 17. Bxg6 fxg6 18. Nh4 g5 19. Nf3 Qf7 20. Qe2 Rae8 21. Nd4 Ne5
22. Rce1 Nc4 23. Bc1 Rc8 24. Nd1 g6 25. f4 e5 26. fxg5 hxg5 27. Nf3 Qe7 28.
Nxg5 e4 29. c3 Qe5 30. Kh1 Qxg5 31. Qg2 Ne5 32. Re2 Kg7 33. Bd2 Nf3 34. Be1 Rh8
35. Rxf3 exf3 36. Qxf3 Rxh3+ 37. Qxh3 Rh8 38. Qxh8+ Kxh8 0-1

[Event "MS 2011-2012"]
[Site "?"]
[Date "2012.01.31"]
[Round "7.4"]
[White "Lahola, Kvetoslav"]
[Black "Bartek, Jaromir"]
[Result "1/2-1/2"]
[WhiteElo "1645"]
[BlackElo "1707"]
[PlyCount "41"]
[EventDate "2011.11.21"]
[SourceDate "2012.02.02"]
[WhiteTeam "Dynamo DP "A""]
[BlackTeam "Slovan "A""]

1. d4 Nf6 2. Nf3 g6 3. Nc3 Bg7 4. e4 d6 5. Bc4 O-O 6. O-O c6 7. Bb3 b5 8. a3
Nbd7 9. h3 Bb7 10. d5 a5 11. dxc6 Bxc6 12. Re1 b4 13. Nd5 Nxd5 14. Bxd5 Bxd5
15. exd5 Re8 16. Nd4 Qc7 17. axb4 Bf6 18. bxa5 Rxa5 19. Rxa5 Qxa5 20. Nc6 Qb5
21. c3 1/2-1/2

[Event "MS 2011-2012"]
[Site "?"]
[Date "2012.01.31"]
[Round "7.6"]
[White "Janku, Viktor"]
[Black "Benes, Jaroslav"]
[Result "0-1"]
[WhiteElo "1567"]
[BlackElo "1665"]
[PlyCount "80"]
[EventDate "2011.11.21"]
[SourceDate "2012.02.02"]
[WhiteTeam "Dynamo DP "A""]
[BlackTeam "Slovan "A""]

1. e4 c5 2. Nf3 e6 3. c4 Nc6 4. Nc3 Qc7 5. d3 a6 6. a3 Nf6 7. Bg5 Be7 8. Qd2 d6
9. Be2 Bd7 10. O-O O-O 11. h3 Rfe8 12. Rfe1 Rab8 13. Rab1 b5 14. cxb5 axb5 15.
Nd1 d5 16. Qc2 dxe4 17. dxe4 Ne5 18. Bxf6 Bxf6 19. Nxe5 Qxe5 20. Ne3 Qg5 21.
Ng4 Bd4 22. Qd3 e5 23. Nh2 Qh4 24. Qf3 Rb6 25. Rf1 Rg6 26. g4 h5 27. Kg2 hxg4
28. hxg4 Rh6 29. Qg3 Qxg3+ 30. Kxg3 f6 31. Rh1 Kf7 32. b3 Reh8 33. f3 Be3 34.
Bf1 Bf4+ 35. Kg2 Rxh2+ 36. Rxh2 Rxh2+ 37. Kg1 Rd2 38. Rc1 Be3+ 39. Kh1 Rh2+ 40.
Kxh2 Bxc1 0-1

[Event "MS 2011-2012"]
[Site "?"]
[Date "2012.01.31"]
[Round "7.7"]
[White "Szabo, Pavel"]
[Black "Pirhala, Ladislav"]
[Result "1-0"]
[WhiteElo "1697"]
[BlackElo "1519"]
[PlyCount "101"]
[EventDate "2011.11.21"]
[SourceDate "2012.02.02"]
[WhiteTeam "Slovan "A""]
[BlackTeam "Dynamo DP "A""]

1. d4 Nf6 2. c4 e6 3. Nf3 d5 4. Nc3 c6 5. e3 Bb4 6. a3 Bxc3+ 7. bxc3 O-O 8. Bd3
Nbd7 9. cxd5 exd5 10. O-O Re8 11. c4 dxc4 12. Bxc4 b5 13. Ba2 Nb6 14. Qc2 Bb7
15. Ne5 Rf8 16. Bd2 a5 17. Rfc1 Nc4 18. Nxc4 bxc4 19. Bxc4 Qd6 20. f3 Rfc8 21.
Be1 Nd5 22. Bf2 c5 23. Bxd5 Qxd5 24. dxc5 Bc6 25. e4 Qg5 26. Qc3 Re8 27. Rd1
Re6 28. Rd6 Rxd6 29. cxd6 Bd7 30. Be3 Qg6 31. Bf4 h5 32. Rc1 h4 33. Qe5 Bh3 34.
g3 hxg3 35. hxg3 Be6 36. Qg5 Qxg5 37. Bxg5 Rc8 38. Rc7 Rxc7 39. dxc7 Kf8 40.
Bd8 a4 41. Kf2 Ke8 42. Ke3 Kd7 43. Kd4 Bb3 44. f4 g6 45. Ke5 Be6 46. Kf6 Bb3
47. g4 Be6 48. f5 gxf5 49. exf5 Bd5 50. g5 Bb3 51. g6 1-0

[Event "MS 2011-2012"]
[Site "?"]
[Date "2012.01.31"]
[Round "7.8"]
[White "Glisnik, Vladimir"]
[Black "Stefan, Ales"]
[Result "1-0"]
[WhiteElo "1670"]
[BlackElo "1692"]
[PlyCount "105"]
[EventDate "2011.11.21"]
[SourceDate "2012.02.02"]
[WhiteTeam "Dynamo DP "A""]
[BlackTeam "Slovan "A""]

1. e4 e5 2. Nc3 Nf6 3. Bc4 Nxe4 4. Bxf7+ Kxf7 5. Nxe4 Be7 6. Qh5+ Kf8 7. Qxe5
d6 8. Qf4+ Ke8 9. Ne2 Rf8 10. Qe3 Kf7 11. O-O Kg8 12. Qb3+ Kh8 13. d3 Nc6 14.
Bd2 d5 15. N4g3 Be6 16. d4 b6 17. Nf4 Bf7 18. c3 Bg5 19. Qc2 Bxf4 20. Bxf4 Bg6
21. Qd2 Ne7 22. Bg5 Qd7 23. Rae1 Nf5 24. Nxf5 Qxf5 25. Re5 Qd7 26. Re7 Qd6 27.
Rfe1 Bf7 28. Bf4 Qg6 29. Bxc7 Rae8 30. Rxe8 Rxe8 31. Be5 h6 32. f4 Be6 33. Qf2
Bf5 34. Qg3 Kg8 35. Qxg6 Bxg6 36. Kf2 Be4 37. g4 Kf7 38. h4 g6 39. b3 Rc8 40.
Rc1 b5 41. Ke3 a6 42. c4 bxc4 43. bxc4 a5 44. c5 Ke6 45. c6 Ke7 46. c7 Kd7 47.
f5 gxf5 48. g5 hxg5 49. hxg5 a4 50. Kf4 Ke8 51. g6 Kf8 52. g7+ Kg8 53. Rc3 1-0

[Event "MS 2011-2012"]
[Site "?"]
[Date "2012.02.07"]
[Round "8.5"]
[White "Linart, Ludvík"]
[Black "Hurta, Jan"]
[Result "1-0"]
[WhiteElo "1625"]
[BlackElo "1649"]
[PlyCount "67"]
[EventDate "2011.11.21"]
[SourceDate "2012.02.08"]
[WhiteTeam "Mar. Hory "E""]
[BlackTeam "Slovan "B""]

1. d4 Nf6 2. Bg5 e6 3. Bxf6 Qxf6 4. Nf3 d5 5. e3 Bd6 6. Nbd2 O-O 7. Be2 Nd7 8.
O-O c5 9. c3 c4 10. e4 Qe7 11. exd5 exd5 12. Re1 Qf6 13. Bf1 b5 14. a3 Nb6 15.
Ne5 Qh6 16. g3 f6 17. Nc6 Bd7 18. Ne7+ Kh8 19. Bg2 Bxe7 20. Rxe7 Rfe8 21. Rxe8+
Rxe8 22. Nf1 Qg5 23. Ne3 Be6 24. b3 h5 25. bxc4 bxc4 26. h4 Qg6 27. Bf3 Qd3 28.
Bxh5 Rc8 29. Bg4 Bxg4 30. Qxg4 Qxc3 31. Rd1 Rc7 32. Qh5+ Kg8 33. Nf5 Qc2 34.
Re1 1-0

[Event "MS 2011-2012"]
[Site "?"]
[Date "2012.02.14"]
[Round "8.1"]
[White "Barta, Jan"]
[Black "Jamka, Bøetislav"]
[Result "0-1"]
[WhiteElo "1963"]
[BlackElo "1970"]
[PlyCount "118"]
[EventDate "2011.11.21"]
[SourceDate "2012.02.16"]
[WhiteTeam "Slavoj "C""]
[BlackTeam "Slovan "A""]

1. e4 c5 2. c3 d5 3. e5 Nc6 4. f4 e6 5. Nf3 Be7 6. a3 Nh6 7. d4 O-O 8. Be2 a5
9. O-O Qb6 10. b3 Nf5 11. g4 cxd4 12. gxf5 d3+ 13. Kh1 dxe2 14. Qxe2 exf5 15.
Nbd2 Be6 16. Bb2 g6 17. b4 axb4 18. axb4 Rxa1 19. Rxa1 Rc8 20. Nb3 d4 21. Nbxd4
Nxd4 22. Nxd4 Bd5+ 23. Kg1 Bc4 24. Qe3 Qd8 25. Ra5 Qd7 26. Kg2 Bd8 27. Rc5 Rxc5
28. bxc5 Qd5+ 29. Kg3 Be7 30. Ba3 b6 31. h4 Qh1 32. Nf3 Bd5 33. Kf2 bxc5 34. c4
Bxf3 35. Qxf3 Bxh4+ 36. Ke3 Qxf3+ 37. Kxf3 Be7 38. Bb2 h5 39. Bc1 Kf8 40. Ke3
Ke8 41. Kd3 Kd7 42. Ke3 Ke6 43. Bb2 f6 44. Kf3 g5 45. Kg3 fxe5 46. Bxe5 g4 47.
Bc7 h4+ 48. Kf2 h3 49. Kg3 Bd6 50. Bb6 Bxf4+ 51. Kxf4 h2 52. Bxc5 h1=Q 53. Ba7
Kf6 54. Bd4+ Kg6 55. c5 Qe4+ 56. Kg3 Qxd4 57. c6 Qc3+ 58. Kf4 Kf6 59. c7 Qf3#
0-1

[Event "MS 2011-2012"]
[Site "?"]
[Date "2012.02.14"]
[Round "8.2"]
[White "Šálek, Josef"]
[Black "Straèánek, Vladimír"]
[Result "0-1"]
[WhiteElo "1794"]
[BlackElo "1897"]
[PlyCount "56"]
[EventDate "2011.11.21"]
[SourceDate "2012.02.16"]
[WhiteTeam "Slovan "A""]
[BlackTeam "Slavoj "C""]

1. d4 d5 2. c4 c6 3. e3 Nf6 4. Nf3 e6 5. Bd3 Bd6 6. O-O O-O 7. Nc3 Nbd7 8. c5
Bc7 9. b4 Re8 10. Bb2 e5 11. dxe5 Nxe5 12. Nxe5 Bxe5 13. g3 Qd7 14. Be2 Qh3 15.
Rb1 Bf5 16. Rc1 Rad8 17. f3 d4 18. Ne4 Bxe4 19. fxe4 Nxe4 20. Bf3 dxe3 21. Qxd8
Rxd8 22. Rcd1 Re8 23. Bxe4 Bxb2 24. Bg2 Qe6 25. Rd6 e2 26. Rxe6 Bd4+ 27. Kh1
exf1=Q+ 28. Bxf1 Rxe6 0-1

[Event "MS 2011-2012"]
[Site "?"]
[Date "2012.02.14"]
[Round "8.3"]
[White "Straèánek, Jaroslav"]
[Black "Bártek, Jaromír"]
[Result "1-0"]
[WhiteElo "1813"]
[BlackElo "1707"]
[PlyCount "123"]
[EventDate "2011.11.21"]
[SourceDate "2012.02.16"]
[WhiteTeam "Slavoj "C""]
[BlackTeam "Slovan "A""]

1. c4 g6 2. Nc3 Nf6 3. g3 e5 4. Bg2 d6 5. d3 c6 6. Bg5 Bg7 7. Nf3 Nbd7 8. O-O
O-O 9. Qd2 Qc7 10. Rac1 a6 11. b4 Rb8 12. h3 b5 13. cxb5 axb5 14. Nh2 c5 15. a3
Rb6 16. Rc2 Bb7 17. e4 Rc8 18. Rfc1 Nf8 19. Nf1 Ne6 20. Be3 Qe7 21. Nd5 Nxd5
22. exd5 Nd4 23. Bxd4 exd4 24. Re1 Qf8 25. Qe2 Ba8 26. Nd2 Rbb8 27. Qe7 cxb4
28. Rxc8 Rxc8 29. Qd7 bxa3 30. Qxb5 Rb8 31. Qa4 Bf6 32. Qxa3 Be7 33. Nc4 Qd8
34. Qa4 Qc7 35. Na5 Kf8 36. Nc6 Bxc6 37. dxc6 Qb6 38. Qc4 Qc5 39. Qa2 Qb4 40.
Qe2 Re8 41. c7 Qc5 42. Qe4 Qxc7 43. Qxd4 Kg8 44. Bd5 Qc5 45. Qe4 Qc3 46. Re2
Qf6 47. Re3 Qa1+ 48. Kg2 Qa7 49. Rf3 Rf8 50. Re3 Re8 51. Bc6 Rc8 52. Bd5 Re8
53. Bc4 Kg7 54. Qd5 Rf8 55. Rf3 f6 56. Re3 Qd7 57. g4 h6 58. Bb5 Qc7 59. d4 Rf7
60. Bd3 Kf8 61. Bxg6 Rg7 62. Qh5 1-0

[Event "MS 2011-2012"]
[Site "?"]
[Date "2012.02.14"]
[Round "8.4"]
[White "Hettenberger, Miroslav"]
[Black "Strmiska, Václav"]
[Result "1/2-1/2"]
[WhiteElo "1835"]
[BlackElo "1734"]
[PlyCount "61"]
[EventDate "2011.11.21"]
[SourceDate "2012.02.16"]
[WhiteTeam "Slovan "A""]
[BlackTeam "Slavoj "B""]

1. c4 e6 2. Nc3 Nf6 3. Nf3 c6 4. d4 d5 5. cxd5 exd5 6. Qc2 Bg4 7. Ne5 Bh5 8.
Bg5 Be7 9. e3 Nbd7 10. Be2 Bg6 11. Nxg6 fxg6 12. O-O O-O 13. a3 Nh5 14. Bxe7
Qxe7 15. Rae1 Rae8 16. Qd1 Nhf6 17. Qb3 b6 18. Qa4 Nb8 19. b4 Kh8 20. Bf3 Rd8
21. Qb3 Nbd7 22. b5 cxb5 23. Nxb5 a6 24. Nc3 b5 25. Na2 Nb6 26. Nb4 Qb7 27. Nd3
Nc4 28. Nc5 Qb6 29. Rd1 Rfe8 30. Rfe1 Re7 31. Re2 1/2-1/2

[Event "MS 2011-2012"]
[Site "?"]
[Date "2012.02.14"]
[Round "8.5"]
[White "Dostál, Radim"]
[Black "Gavroò, Ladislav"]
[Result "1-0"]
[WhiteElo "2004"]
[BlackElo "1749"]
[PlyCount "59"]
[EventDate "2011.11.21"]
[SourceDate "2012.02.17"]
[WhiteTeam "Slavoj "C""]
[BlackTeam "Slovan "A""]

1. e4 e5 2. Nf3 Nc6 3. Bc4 Nf6 4. d4 exd4 5. O-O d6 6. Nxd4 Nxd4 7. Qxd4 Be7 8.
Nc3 O-O 9. Bg5 h6 10. Bh4 c6 11. a4 Be6 12. Rad1 Qb6 13. Bxf6 Bxf6 14. Qxb6
axb6 15. Bxe6 fxe6 16. Rxd6 Bxc3 17. bxc3 Rxa4 18. Rxe6 Rc4 19. f4 Rxc3 20. Rf2
Kf7 21. f5 Rd8 22. h3 Rd1+ 23. Kh2 Rc1 24. Rd2 R1xc2 25. Rd7+ Kf8 26. Ree7 Re3
27. Rf7+ Ke8 28. Rde7+ Kd8 29. Rxg7 Rc4 30. f6 1-0

[Event "MS 2011-2012"]
[Site "?"]
[Date "2012.02.14"]
[Round "8.6"]
[White "Mladìjovský, Miroslav"]
[Black "Malina, Roman"]
[Result "0-1"]
[WhiteElo "1738"]
[BlackElo "1100"]
[PlyCount "64"]
[EventDate "2011.11.21"]
[SourceDate "2012.02.17"]
[WhiteTeam "Slovan "A""]
[BlackTeam "Slavoj "C""]

1. d4 d5 2. c4 dxc4 3. Qa4+ Bd7 4. Qxc4 e6 5. Nc3 Nf6 6. Nf3 Be7 7. Bf4 c6 8.
e3 Nd5 9. Bg3 Qb6 10. Qb3 Bb4 11. Bd3 Bxc3+ 12. bxc3 Qxb3 13. axb3 Nxc3 14. O-O
Nd5 15. Bd6 f6 16. Rfe1 Kf7 17. b4 Rd8 18. e4 Be8 19. Bxb8 Nxb4 20. Reb1 Nxd3
21. Rxb7+ Kg8 22. Bg3 a5 23. Kf1 Bh5 24. Rc7 Bxf3 25. gxf3 Nb4 26. Rb7 Nc2 27.
Rc1 Nxd4 28. Kg2 e5 29. h4 a4 30. h5 a3 31. Rbb1 a2 32. Ra1 Nb3 0-1

[Event "MS 2011-2012"]
[Site "?"]
[Date "2012.02.14"]
[Round "8.7"]
[White "Tyleèek, Svatopluk"]
[Black "Beneš, Jaroslav"]
[Result "0-1"]
[WhiteElo "1599"]
[BlackElo "1665"]
[PlyCount "122"]
[EventDate "2011.11.21"]
[SourceDate "2012.02.17"]
[WhiteTeam "Slavoj "C!"]
[BlackTeam "Slovan "A""]

1. e4 c5 2. Nf3 e6 3. d4 cxd4 4. Nxd4 Nc6 5. Nxc6 bxc6 6. Bd3 d5 7. exd5 cxd5
8. a3 Nf6 9. Bf4 Bd6 10. Bxd6 Qxd6 11. Nd2 O-O 12. Nc4 Qc7 13. Ne3 Bb7 14. O-O
Rfd8 15. Ng4 Nd7 16. h3 Nc5 17. Re1 Nxd3 18. Qxd3 Rac8 19. Rac1 Qe7 20. Qd4 a6
21. Re3 Rc4 22. Qe5 d4 23. Rg3 Qf8 24. Rd3 Rd5 25. Qf4 f6 26. Qd2 h5 27. Nh2
Rg5 28. Nf3 Bxf3 29. Rxf3 e5 30. Rb3 Qa8 31. Rg3 Rxg3 32. fxg3 Qe4 33. b3 Rc3
34. Kh2 Qg6 35. Qf2 d3 36. Qd2 Rxc2 37. Qd1 Qe4 38. Qf1 d2 39. Rd1 Qe3 40. Qg1
Qxb3 41. Qf2 Qd3 42. Qf3 Qxf3 43. gxf3 Ra2 44. Kg2 Kf7 45. Kf2 Ke6 46. Ke2 Kd5
47. Rxd2+ Rxd2+ 48. Kxd2 Kd4 49. a4 a5 50. h4 e4 51. fxe4 Kxe4 52. Kc3 Kf3 53.
Kc4 Kxg3 54. Kb5 f5 55. Kxa5 f4 56. Kb6 f3 57. a5 f2 58. a6 f1=Q 59. a7 Qf2+
60. Kb7 Qxa7+ 61. Kxa7 Kxh4 0-1

[Event "MS 2011-2012"]
[Site "?"]
[Date "2012.02.14"]
[Round "8.8"]
[White "Szabó, Pavel"]
[Black "Duda, Jaromír"]
[Result "1/2-1/2"]
[WhiteElo "1697"]
[BlackElo "1000"]
[PlyCount "47"]
[EventDate "2011.11.21"]
[SourceDate "2012.02.17"]
[WhiteTeam "Slovan "]
[BlackTeam "Slavoj "]

1. d4 d5 2. c4 c6 3. Nc3 Nf6 4. Nf3 Bg4 5. e3 e6 6. Be2 Bb4 7. cxd5 cxd5 8. O-O
Ne4 9. Nxe4 dxe4 10. Ne5 Bxe2 11. Qxe2 O-O 12. a3 Qa5 13. Nc4 Qa6 14. b3 Nd7
15. Bb2 Be7 16. Qd1 b5 17. Nd2 Qc6 18. Rc1 Qd5 19. h3 e5 20. Qc2 exd4 21. Qxe4
Qxe4 22. Nxe4 dxe3 23. fxe3 Rac8 24. Rxc8 1/2-1/2

[Event "MS 2011-2012"]
[Site "?"]
[Date "2012.02.21"]
[Round "9.3"]
[White "Szabó, Pavel"]
[Black "Skoèková, Kateøina"]
[Result "1/2-1/2"]
[WhiteElo "1697"]
[BlackElo "1752"]
[PlyCount "88"]
[EventDate "2011.11.21"]
[SourceDate "2012.02.22"]
[WhiteTeam "Slovan "B""]
[BlackTeam "Dynamo DP "C""]

1. d4 d5 2. c4 Nf6 3. Nc3 e6 4. Bg5 Be7 5. e3 O-O 6. Nf3 b6 7. Bd3 Bb7 8. cxd5
Nxd5 9. Bxe7 Qxe7 10. O-O Nd7 11. Rc1 Rac8 12. a3 Rfd8 13. Nxd5 Bxd5 14. Ba6
Ra8 15. Rxc7 Qd6 16. Rc3 Rab8 17. Bb5 a6 18. Bxd7 Qxd7 19. Ne5 Qb5 20. Qc2 f6
21. Nc6 Bxc6 22. Rxc6 e5 23. dxe5 fxe5 24. Qc4+ Qxc4 25. Rxc4 Rd2 26. b4 Rd3
27. Ra1 Rbd8 28. Kf1 Rd2 29. Rac1 Ra2 30. Rc8 Rxc8 31. Rxc8+ Kf7 32. Rc3 h6 33.
e4 Ke7 34. h3 Kd6 35. g3 g6 36. Kg2 Re2 37. Kf3 Rd2 38. Ke3 Ra2 39. h4 Ra1 40.
Kf3 Ra2 41. g4 g5 42. hxg5 hxg5 43. Ke3 Kd7 44. Kf3 Kd6 1/2-1/2

[Event "MS 2011-2012"]
[Site "?"]
[Date "2012.02.21"]
[Round "9.4"]
[White "Depta, Tomáš"]
[Black "Hurta, Jan"]
[Result "0-1"]
[WhiteElo "1000"]
[BlackElo "1649"]
[PlyCount "64"]
[EventDate "2011.11.21"]
[SourceDate "2012.02.22"]
[WhiteTeam "Dynamo DP "C""]
[BlackTeam "Slovan "B""]

1. e4 c5 2. Nc3 Nc6 3. g3 Nf6 4. Bg2 e5 5. d3 Be7 6. Nge2 O-O 7. O-O b6 8. f4
Bb7 9. h3 Rc8 10. g4 h6 11. Ng3 Nh7 12. Nd5 exf4 13. Nxe7+ Nxe7 14. Bxf4 Ng6
15. Bd6 Re8 16. Rf2 Re6 17. Nf5 Nh4 18. Bh2 Nxg2 19. Rxg2 d5 20. e5 d4 21. Nd6
Bxg2 22. Nxc8 Bxh3 23. Nd6 Qh4 24. Qf3 Ng5 25. Qg3 Qxg4 26. Qxg4 Bxg4 27. Kg2
Nf3 28. Bg3 h5 29. Rf1 h4 30. Be1 Rxe5 31. Ne4 Nxe1+ 32. Rxe1 f5 0-1

[Event "MS 2011-2012"]
[Site "?"]
[Date "2012.02.28"]
[Round "9.2"]
[White "Votypka, Miroslav"]
[Black "Chliapas, Nikos"]
[Result "1-0"]
[WhiteElo "1881"]
[BlackElo "1948"]
[PlyCount "62"]
[EventDate "2011.11.21"]
[SourceDate "2012.02.29"]
[WhiteTeam "Mar.Hory "]
[BlackTeam "Slovan "]

1. e4 c5 2. d4 cxd4 3. Qxd4 Nc6 4. Qd1 Nf6 5. Nc3 e6 6. a3 a6 7. Be3 b5 8. Nf3
Be7 9. Be2 O-O 10. O-O Qc7 11. h3 Bb7 12. Qd2 b4 13. axb4 Bxb4 14. Bd3 d5 15.
exd5 Ne5 16. Nxe5 Qxe5 17. dxe6 Qxe6 18. Bd4 Qc6 19. f3 Rad8 20. Bf2 Nd5 21.
Nxd5 Bxd2 22. Ne7+ Kh8 23. Nxc6 Bxc6 24. Rxa6 Bd5 25. Rd1 Bb4 26. Rb6 Be7 27.
b3 Be6 28. Ra6 h6 29. Re1 Ra8 30. Be3 Bb4 31. Rea1 Rad8 1-0

[Event "MS 2011-2012"]
[Site "?"]
[Date "2012.02.28"]
[Round "9.3"]
[White "Šálek, Josef"]
[Black "Kamaryt, Zdenìk"]
[Result "1/2-1/2"]
[WhiteElo "1794"]
[BlackElo "1717"]
[PlyCount "81"]
[EventDate "2011.11.21"]
[SourceDate "2012.02.29"]
[WhiteTeam "Slovan "]
[BlackTeam "Mar.Hory "]

1. d4 d5 2. c4 e6 3. e3 c6 4. Nc3 Nf6 5. Nf3 Bd6 6. Qc2 O-O 7. Bd2 Nbd7 8. Bd3
Re8 9. cxd5 cxd5 10. h3 b6 11. O-O Bb7 12. Rac1 Rc8 13. Qb3 a6 14. Na4 b5 15.
Rxc8 Qxc8 16. Rc1 Qa8 17. Nc3 Ne4 18. Be1 Rc8 19. Ne2 Rxc1 20. Nxc1 Qc8 21. Qc2
Qxc2 22. Bxc2 Nb6 23. b3 b4 24. Nd3 Nc3 25. Nc1 a5 26. Bd3 a4 27. a3 axb3 28.
Nxb3 Nc4 29. axb4 Bxb4 30. Nc5 Bc6 31. Ne5 Nxe5 32. dxe5 Ne2+ 33. Bxe2 Bxe1 34.
Kf1 Bc3 35. f4 h6 36. Bd3 d4 37. exd4 Bxd4 38. Be4 Bb5+ 39. Bd3 Bxc5 40. Bxb5
Be3 41. g3 1/2-1/2

[Event "MS 2011-2012"]
[Site "?"]
[Date "2012.02.28"]
[Round "9.4"]
[White "Heriè, Milan"]
[Black "Bártek, Jaromír"]
[Result "1/2-1/2"]
[WhiteElo "1743"]
[BlackElo "1707"]
[PlyCount "45"]
[EventDate "2011.11.21"]
[SourceDate "2012.02.29"]
[WhiteTeam "Mar.Hory "C""]
[BlackTeam "Slovan "A""]

1. d4 d6 2. c4 g6 3. Nf3 Bg7 4. e4 Bg4 5. Be2 Nd7 6. Be3 Bxf3 7. Bxf3 e5 8. d5
Ne7 9. Nc3 O-O 10. O-O f5 11. Qc2 f4 12. Bd2 g5 13. Bg4 Nf6 14. Be6+ Kh8 15. f3
a6 16. g3 Ng6 17. Kg2 Ne8 18. Rf2 Bf6 19. Rh1 Ng7 20. Bh3 Qe8 21. Kg1 h5 22.
Bf1 Qe7 23. Qd1 1/2-1/2

[Event "MS 2011-2012"]
[Site "?"]
[Date "2012.02.28"]
[Round "9.5"]
[White "Hettenberger, Miroslav"]
[Black "Šumbera, Antonín"]
[Result "1/2-1/2"]
[WhiteElo "1835"]
[BlackElo "1657"]
[PlyCount "65"]
[EventDate "2011.11.21"]
[SourceDate "2012.02.29"]
[WhiteTeam "Slovan "A""]
[BlackTeam "Mar.Hory "C""]

1. c4 Nf6 2. Nc3 e6 3. Nf3 d5 4. cxd5 exd5 5. e3 Bd7 6. g3 Be7 7. Bg2 c6 8. O-O
O-O 9. b3 Qc8 10. Bb2 Bh3 11. Rc1 Bxg2 12. Kxg2 Qg4 13. h3 Qh5 14. Nh4 Nbd7 15.
Qxh5 Nxh5 16. Nf5 Rfe8 17. Nxe7+ Rxe7 18. Ba3 Re6 19. Ne2 g6 20. g4 Ng7 21. Nf4
Ree8 22. Nd3 f5 23. Bb2 fxg4 24. hxg4 Re4 25. f3 Ree8 26. Rh1 Ne6 27. Ne5 Nxe5
28. Bxe5 Re7 29. f4 Rf7 30. d4 Re8 31. Rcf1 Nf8 32. f5 gxf5 33. Rxf5 1/2-1/2

[Event "MS 2011-2012"]
[Site "?"]
[Date "2012.02.28"]
[Round "9.6"]
[White "Hlaváèek, Ladislav"]
[Black "Gavroò, Ladislav"]
[Result "1/2-1/2"]
[WhiteElo "1610"]
[BlackElo "1749"]
[PlyCount "67"]
[EventDate "2011.11.21"]
[SourceDate "2012.02.29"]
[WhiteTeam "Mar.Hory "C!"]
[BlackTeam "Slovan "A""]

1. Nf3 d6 2. e4 e5 3. d4 exd4 4. Qxd4 Nc6 5. Qa4 Bd7 6. Qc4 Be7 7. Nc3 Nf6 8.
Bg5 O-O 9. O-O-O a6 10. Bxf6 Bxf6 11. Nd5 b5 12. Nxf6+ Qxf6 13. Qd5 Nb4 14. Qb3
c5 15. a3 Nc6 16. Qd5 Qe6 17. b3 Rfd8 18. Qxd6 c4 19. Qxe6 Bxe6 20. Rxd8+ Rxd8
21. Kb2 Rd1 22. h3 cxb3 23. cxb3 Na5 24. g4 Bxb3 25. Bg2 f6 26. Rxd1 Bxd1 27.
Nd4 Kf7 28. Bf1 g5 29. Kc3 h5 30. Kb4 Nb7 31. Be2 Bxe2 32. Nxe2 hxg4 33. hxg4
Ke6 34. f3 1/2-1/2